Doom Metal Bands - Statistics

General Stats
  • This quiz has been taken 59 times
  • The average score is 10 of 25
Answer Stats
Album Band % Correct
Epicus Doomicus Metallicus Candlemass
89%
Dopethrone Electric Wizard
85%
The Sciences Sleep
76%
Bloody Kisses Type O Negative
74%
Psalm 9 Trouble
57%
Day of Reckoning Pentagram
52%
Born Too Late Saint Vitus
52%
Turn Loose the Swans My Dying Bride
50%
Forest of Equilibrium Cathedral
46%
Monotheist Celtic Frost
44%
In the Rectory of the Bizarre Reverend Reverend Bizarre
43%
The Call of the Wretched Sea Ahab
39%
Mirror Reaper Bell Witch
39%
Watching From a Distance Warning
39%
Draconian Times Paradise Lost
33%
Death Penalty Witchfinder General
31%
Arcane Rain Fell Draconian
22%
Sorrow and Extinction Pallbearer
22%
The Maniacal Vale Esoteric
20%
Stormcrowfleet Skepticism
19%
Beyond the Crimson Horizon Solitude Aeturnus
17%
Angels of Distress Shape of Despair
9%
Antithesis of Light Evoken
7%
The Morning Never Came Swallow the Sun
7%
Rain Without End October Tide
4%
No matching quizzes found
Score Distribution
Percent of People with Each Score
Percentile by Number Answered
Your Score History
You have not taken this quiz